000 00586nam a2200145 a 4500
008 071030s2006 ||||||||||||||||| || u
050 _aUNAIDS(058)
110 _aUnited Nations Programme on HIV/AIDS (UNAIDS)
245 1 0 _aReport on the global AIDS epidemic: a UNAIDS 10th anniversary special edition
260 _aGeneva
_bUNITED NATIONS
_c2006
300 _a629p.: ill.
350 _a0.00
650 _aAIDS (DISEASE)
995 _D0.00
_FCBU-MAIN LIBRARY (Kitwe)
_H1
_I0.00
_M1
_UAVAILABLE
_WSep 4, 2008
_ZInternational Publications
999 _c56209
_d56209